Statistics for Top 15 Countries with Covid-19 Cases - 16 February 2022

Click here to take the quiz!

General Stats

  • This quiz has been taken 21 times
  • The average score is 17 of 28

Answer Stats

country% Correct
United Kingdom
100%
Spain
95%
United States
95%
Brazil
90%
France
90%
Italy
90%
Russia
90%
Germany
86%
Argentina
81%
India
81%
Poland
67%
Portugal
67%
Colombia
62%
Iran
57%
Turkey
57%
Belgium
52%
Czechia
48%
Denmark
48%
Netherlands
48%
Netherlands
48%
Israel
38%
Slovenia
38%
Estonia
33%
Latvia
33%
Lithuania
33%
Switzerland
33%
Bahrain
14%
Georgia
14%

Score Distribution

Percentile by Number Answered

Percent of People with Each Score

Your Score History

You have not taken this quiz